| 000 | 00638nam a2200217 a 4500 | ||
|---|---|---|---|
| 005 | 20220915064208.0 | ||
| 008 | 180206s2016 mx r 000 0 spa d | ||
| 020 | _a9786072422445 | ||
| 035 | _aUPN01000222731 | ||
| 049 | _aCG | ||
| 050 | 4 |
_aPT5881.12 E3.4 _bC7.8a |
|
| 100 | 1 |
_aBeckman, Thea, _d1923-2004 _931059 |
|
| 245 | 1 | 0 |
_aCruzada en jeans / _cThea Beckman ; tr. Guillermo Solana. |
| 260 |
_aCiudad de México : _bSM, _c2016. |
||
| 300 | _a310 p. | ||
| 440 | 0 |
_aGran angular ; _v77 M |
|
| 534 |
_pTítulo original: _tKruistoch in spijerbrock |
||
| 650 | 7 |
_aNovela holandesa _2 _917550 |
|
| 905 | _aLibro | ||
| 999 |
_c194828 _d194828 |
||